000
00342nam a2200157Ia 4500
001
9368
008
140326s9999 xx 000 0 und d
020
_a
0-7517-2013-7
040
_c
PK-LaUMT
082
_a
R 330
_b
ECO-
245
_a
Economics : First year study guides
260
_c
1993
300
_a
295 p.
546
_a
EN
942
_c
BK
999
_c
10515
_d
10515